Archaeology /

محفوظ في:

المؤلف الرئيسي: Rapport, Samuel Berder,‏ 1903- (مؤلف)

مؤلفون آخرون: Wright, Helen, 1914-1997.

التنسيق: كتاب

اللغة: English

منشور في: New York : Washington Square Press, 1964.

سلاسل: New York University library of science.

الموضوعات:

الوسوم: إضافة وسم

لا توجد وسوم, كن أول من يضع وسما على هذه التسجيلة!

رقم الطلب: CC65 .R3 1964

LEADER 00717nam a2200241Ii 4500
001 3727
003 OSt
005 20251022081621.0
008 130303s1964 nyua 000 0 eng d
035 |a ocm02175394 
040 |c ARCE Library 
050 4 |a CC65 .R3 1964 
100 1 |a Rapport, Samuel Berder,‏   |d 1903-  |e author  |9 38183 
245 1 0 |a Archaeology /   |c edited by Samuel Rapport and Helen Wright. 
264 1 |a New York :  |b Washington Square Press,  |c 1964. 
300 |a xiii, 367 pages :  |b illustrations ;  |c 18 cm. 
490 0 |a New York University library of science. 
500 |a "W 851." 
650 0 |a Archaeology. 
700 1 |a Wright, Helen,  |d 1914-1997. 
901 |a reviewed 
942 |c BK  |2 lcc 
999 |c 4960  |d 4960